| 000 | 00800nam a2200289 i 4500 | ||
|---|---|---|---|
| 003 | DO-SdBNP | ||
| 005 | 20240425105720.0 | ||
| 006 | a||||fr|||| 00| 0 | ||
| 007 | ta | ||
| 008 | 240425e1999 dr ||||| l||| 00| 0 spa d | ||
| 020 | _a8484009505 | ||
| 040 |
_aDO-SdBNP _bspa _cBNPHU _erda |
||
| 082 | 4 |
_222 _bV857m |
|
| 100 |
_aVives, Vincens _eautora _910502 |
||
| 110 | _9447 | ||
| 245 | 1 | 0 |
_aMatemáticas 4to. curso : _bcuaderno de actividades 4 / _cVicens Vives |
| 264 |
_aSanto Domingo : _bTaller, _c1999 |
||
| 300 |
_a77 páginas : _bilustraciones _c28 cm. |
||
| 336 |
_2rdaconten _atexto _btxt |
||
| 337 |
_2rdamedia _asin mediación _bn |
||
| 338 |
_2rdacarrier _avolumen _bnc |
||
| 590 | _aInventariado 2024 / DG | ||
| 650 | _981711 | ||
| 651 | _954814 | ||
| 910 | _aDG | ||
| 942 |
_2ddc _cLBS1 |
||
| 999 |
_c56508 _d56508 |
||